005330000a22002170004500650002400000650002100024650001900045650003000064651001800094650003100112082002200143518001300165530000600178100002000184245001800204020001800222260004200240260000900282041000800291300001600299 aamerican literature aAmerican fiction aAmerican novel aLiterary forms and genres aNorth America aAmerican literature, 1945- a813.54bEr43LcAS a20001128 aM aErdrich, Louise aLove medicine a0-8050-1716-X aNew YorkbHenry Holt and Company, USA c1984 aEng aviii, 275p.